000 00870nam a2200241 a 4500
999 _c12234
_d12234
001 12234
003 BD-JhCC
005 20221201134023.0
008 210829b2019 bg |||| ||a| 000 0 ben d
035 _a(BD-JhCC)12234
040 _aBD-JhCC
_dBD-JhCC
041 _abengali
082 _a297.2042
_bJAU 2019
100 _aজাওযি, ইমাম ইবনুল
245 _aশয়তান যেভাবে ধোঁকা দেয়:
_bতাববিসে ইবলিস /
_cইমাম ইবনুল জাওযি, অনুঃ মুফতি আবু সাআদ ।
260 _aঢাকা:
_bদারুল আরকাম;
_c২০১৯.
300 _a480 p. :
_c22 cm.
650 _aDevil-- islam
650 _aIslamic Heresies
700 _aসাআদ ,মুফতি আবু
942 _2ddc
_cBK
_07